000 00298 a2200133 4500
001 148698
040 _cEscola São Tomás de Aquino
100 _aBANDEIRA, Pedro
240 1 0 _aO gato de botas
_lpor
245 1 0 _aO gato de botas
362 0 _a1997
697 _a*LITERATURA INFANTO
942 _cBK
999 _c148698
_d148698